europese unie landen - Statistieken

Algemene statistieken
  • Deze quiz is 49 keer genomen
  • De gemiddelde score is 10 van 15
Answers on the Grid
Answers color-coded by a green-red scale on the quiz's grid according to % correct below.
nederland
zwitserland
maroko
luxemburg
monaco
duitsland
polen
vaticaanstad
oostenrijk
griekenland
cyprus
turkije
roemenie
denemarken
ijsland
vk
ierland
frankrijk
san marino
malta
tunesie
belgie
kroatie
albanie
belarus
oekraine
moldavie
liechtenstein
rusland
georgie
 
Antwoordstatistieken
Antwoord % Correct
nederland
100%
duitsland
81%
griekenland
81%
oostenrijk
77%
belgie
69%
denemarken
69%
frankrijk
69%
ierland
69%
luxemburg
69%
polen
65%
cyprus
54%
kroatie
54%
roemenie
54%
malta
46%
albanie
12%
Geen overeenkomende quizzen gevonden
Scoreverdeling
Procent van Mensen met Elke Score
Percentiel versus Aantal Correcte Antwoorden
Uw Scoregeschiedenis
U heeft deze quiz nog niet genomen